Breeding Latin American tigers (Record no. 144895)
[ view plain ]
| 000 -LEADER | |
|---|---|
| fixed length control field | 01709nam a2200397 a 4500 |
| 082 04 - DEWEY DECIMAL CLASSIFICATION NUMBER | |
| Classification number | 338.98 |
| 100 1# - MAIN ENTRY--AUTHOR NAME | |
| Personal name | Devlin, Robert. |
| 245 10 - TITLE STATEMENT | |
| Title | Breeding Latin American tigers |
| 260 ## - PUBLICATION, DISTRIBUTION, ETC. (IMPRINT) | |
| Place of publication | Washington, D.C. : |
| Name of publisher | World Bank, |
| Year of publication | c2011. |
| 300 ## - PHYSICAL DESCRIPTION | |
| Number of Pages | xxiii, 271 p. : |
| Other physical details | ill. |
| 490 1# - SERIES STATEMENT | |
| Series statement | Latin American development forum series |
| 500 ## - GENERAL NOTE | |
| General note | "A copublication of United Nations Economic Commission for Latin America and the Caribbean and the World Bank." |
| 650 #0 - SUBJECT ADDED ENTRY--TOPICAL TERM | |
| Topical Term | Industrial policy |
| Topical Term | Industrial policy |
| Topical Term | Economic development |
| 700 1# - ADDED ENTRY--PERSONAL NAME | |
| Personal name | Moguillansky, Graciela. |
| 856 40 - ELECTRONIC LOCATION AND ACCESS | |
| Uniform Resource Identifier | http://site.ebrary.com/lib/rucke/Doc?id=10527224 |
No items available.
